000 00607cam a2200217 4500
008 000000n2001 000 0 eng u
020 _a1860814905
035 _a(Sirsi) u116085
041 _aeng
050 _a694.012
100 _aSuttie, E. D.
110 _aBuilding Research Establishment
245 _aDurability of timber in ground contact
260 _aLondon
_bCRC Ltd
_c2001
300 _a8p. : ill. ; 30cm.
490 _aBRE Information Paper
_v14/01
650 _aTIMBER PRESERVATIVES
650 _aWOOD PRESERVATIVES
690 _aBUILT ENVIRONMENT-BUILDING MATERIALS
942 _n0
999 _c101826
_d101826